再生回数1000万回超えの乃木坂46のMV - Statistics

General Stats
  • This quiz has been taken 31 times
  • The average score is 8 of 12
Answers on the Grid
Answers color-coded by a green-red scale on the quiz's grid according to % correct below.
17分間
Actually...
I see...
Monopoly
Out of the blue
Route 246
Wilderness world
いつかできるから今日できる
インフルエンサー
おひとりさま天国
帰り道は遠回りしたくなる
ここにはないもの
心にもないこと
最後のTight Hug
ジャンピングジョーカーフラッシュ
シンクロニシティ
世界中の隣人よ
全部 夢のまま
逃げ水
バンドエイド剥がすような別れ方
 
Answer Stats
Answer % Correct
9245万回 インフルエンサー
100%
5254万回 帰り道は遠回りしたくなる
92%
6205万回 シンクロニシティ
92%
3371万回 I see...
80%
1478万回 おひとりさま天国
64%
1387万回 ここにはないもの
60%
2968万回 いつかできるから今日できる
56%
1769万回 バンドエイド剥がすような別れ方
52%
1859万回 逃げ水
48%
1152万回 17分間
40%
1266万回 Monopoly
40%
1022万回 Out of the blue
36%
No matching quizzes found
Score Distribution
Percent of People with Each Score
Percentile by Number Answered
Your Score History
You have not taken this quiz